<?xml version="1.0" encoding="UTF-8"?>
<collection xmlns="http://www.loc.gov/MARC21/slim">
 <record>
  <leader>03557cam a2200817   4500</leader>
  <controlfield tag="001">276825314</controlfield>
  <controlfield tag="003">DE-627</controlfield>
  <controlfield tag="005">20240915113303.0</controlfield>
  <controlfield tag="007">tu</controlfield>
  <controlfield tag="008">920731s1992    xxu||||| ed   00| ||eng c</controlfield>
  <datafield tag="016" ind1="7" ind2=" ">
   <subfield code="a">b92Z1357</subfield>
   <subfield code="2">UK</subfield>
  </datafield>
  <datafield tag="020" ind1=" " ind2=" ">
   <subfield code="a">0631183477</subfield>
   <subfield code="9">0-631-18347-7</subfield>
  </datafield>
  <datafield tag="020" ind1=" " ind2=" ">
   <subfield code="a">0631173129</subfield>
   <subfield code="9">0-631-17312-9</subfield>
  </datafield>
  <datafield tag="024" ind1="3" ind2=" ">
   <subfield code="a">9780631183471</subfield>
  </datafield>
  <datafield tag="024" ind1="8" ind2=" ">
   <subfield code="a">92006812</subfield>
   <subfield code="q">Identnummer</subfield>
  </datafield>
  <datafield tag="035" ind1=" " ind2=" ">
   <subfield code="a">(DE-627)276825314</subfield>
  </datafield>
  <datafield tag="035" ind1=" " ind2=" ">
   <subfield code="a">(DE-576)029345545</subfield>
  </datafield>
  <datafield tag="035" ind1=" " ind2=" ">
   <subfield code="a">(DE-599)GBV276825314</subfield>
  </datafield>
  <datafield tag="035" ind1=" " ind2=" ">
   <subfield code="a">(OCoLC)246885204</subfield>
  </datafield>
  <datafield tag="035" ind1=" " ind2=" ">
   <subfield code="a">(OCoLC)25508432</subfield>
  </datafield>
  <datafield tag="035" ind1=" " ind2=" ">
   <subfield code="a">(DE-604)8059241551</subfield>
  </datafield>
  <datafield tag="040" ind1=" " ind2=" ">
   <subfield code="a">DE-627</subfield>
   <subfield code="b">ger</subfield>
   <subfield code="c">DE-627</subfield>
   <subfield code="e">rakwb</subfield>
  </datafield>
  <datafield tag="041" ind1=" " ind2=" ">
   <subfield code="a">eng</subfield>
  </datafield>
  <datafield tag="044" ind1=" " ind2=" ">
   <subfield code="c">XD-US</subfield>
   <subfield code="c">XA-GB</subfield>
  </datafield>
  <datafield tag="050" ind1=" " ind2="0">
   <subfield code="a">BF175.4.F45</subfield>
  </datafield>
  <datafield tag="082" ind1="0" ind2=" ">
   <subfield code="a">305.42</subfield>
  </datafield>
  <datafield tag="082" ind1="0" ind2=" ">
   <subfield code="a">150.19/5/082</subfield>
  </datafield>
  <datafield tag="082" ind1="0" ind2=" ">
   <subfield code="a">150.195082</subfield>
  </datafield>
  <datafield tag="084" ind1=" " ind2=" ">
   <subfield code="a">CU 2690</subfield>
   <subfield code="2">rvk</subfield>
   <subfield code="0">(DE-625)rvk/19102:</subfield>
  </datafield>
  <datafield tag="084" ind1=" " ind2=" ">
   <subfield code="a">CU 2000</subfield>
   <subfield code="2">rvk</subfield>
   <subfield code="0">(DE-625)rvk/19081:</subfield>
  </datafield>
  <datafield tag="084" ind1=" " ind2=" ">
   <subfield code="a">CC 8600</subfield>
   <subfield code="2">rvk</subfield>
   <subfield code="0">(DE-625)rvk/17710:</subfield>
  </datafield>
  <datafield tag="084" ind1=" " ind2=" ">
   <subfield code="a">77.14</subfield>
   <subfield code="2">bkl</subfield>
  </datafield>
  <datafield tag="084" ind1=" " ind2=" ">
   <subfield code="a">71.38</subfield>
   <subfield code="2">bkl</subfield>
  </datafield>
  <datafield tag="084" ind1=" " ind2=" ">
   <subfield code="a">77.85</subfield>
   <subfield code="2">bkl</subfield>
  </datafield>
  <datafield tag="245" ind1="1" ind2="0">
   <subfield code="a">Feminism and psychoanalysis</subfield>
   <subfield code="b">a critical dictionary</subfield>
   <subfield code="c">ed. by Elizabeth Wright</subfield>
  </datafield>
  <datafield tag="250" ind1=" " ind2=" ">
   <subfield code="a">1. publ.</subfield>
  </datafield>
  <datafield tag="264" ind1=" " ind2="1">
   <subfield code="a">Oxford [u.a.]</subfield>
   <subfield code="b">Blackwell</subfield>
   <subfield code="c">1992</subfield>
  </datafield>
  <datafield tag="300" ind1=" " ind2=" ">
   <subfield code="a">XIX, 485 S.</subfield>
  </datafield>
  <datafield tag="336" ind1=" " ind2=" ">
   <subfield code="a">Text</subfield>
   <subfield code="b">txt</subfield>
   <subfield code="2">rdacontent</subfield>
  </datafield>
  <datafield tag="337" ind1=" " ind2=" ">
   <subfield code="a">ohne Hilfsmittel zu benutzen</subfield>
   <subfield code="b">n</subfield>
   <subfield code="2">rdamedia</subfield>
  </datafield>
  <datafield tag="338" ind1=" " ind2=" ">
   <subfield code="a">Band</subfield>
   <subfield code="b">nc</subfield>
   <subfield code="2">rdacarrier</subfield>
  </datafield>
  <datafield tag="490" ind1="0" ind2=" ">
   <subfield code="a">Blackwell reference</subfield>
  </datafield>
  <datafield tag="650" ind1=" " ind2="0">
   <subfield code="a">Psychoanalysis and feminism</subfield>
   <subfield code="v">Dictionaries</subfield>
  </datafield>
  <datafield tag="650" ind1="0" ind2="7">
   <subfield code="0">(DE-588)4018202-2</subfield>
   <subfield code="0">(DE-627)104270705</subfield>
   <subfield code="0">(DE-576)208923209</subfield>
   <subfield code="a">Frau</subfield>
   <subfield code="2">gnd</subfield>
  </datafield>
  <datafield tag="650" ind1=" " ind2="4">
   <subfield code="a">Social Sciences</subfield>
  </datafield>
  <datafield tag="655" ind1=" " ind2="7">
   <subfield code="a">Enzyklopädie</subfield>
   <subfield code="0">(DE-588)4014986-9</subfield>
   <subfield code="0">(DE-627)104675322</subfield>
   <subfield code="0">(DE-576)208910085</subfield>
   <subfield code="2">gnd-content</subfield>
  </datafield>
  <datafield tag="655" ind1=" " ind2="7">
   <subfield code="a">Wörterbuch</subfield>
   <subfield code="0">(DE-588)4066724-8</subfield>
   <subfield code="0">(DE-627)104682620</subfield>
   <subfield code="0">(DE-576)209166061</subfield>
   <subfield code="2">gnd-content</subfield>
  </datafield>
  <datafield tag="689" ind1="0" ind2="0">
   <subfield code="d">s</subfield>
   <subfield code="0">(DE-588)4222126-2</subfield>
   <subfield code="0">(DE-627)104499168</subfield>
   <subfield code="0">(DE-576)210278633</subfield>
   <subfield code="a">Feminismus</subfield>
   <subfield code="2">gnd</subfield>
  </datafield>
  <datafield tag="689" ind1="0" ind2="1">
   <subfield code="d">s</subfield>
   <subfield code="0">(DE-588)4047689-3</subfield>
   <subfield code="0">(DE-627)106193880</subfield>
   <subfield code="0">(DE-576)209074361</subfield>
   <subfield code="a">Psychoanalyse</subfield>
   <subfield code="2">gnd</subfield>
  </datafield>
  <datafield tag="689" ind1="0" ind2=" ">
   <subfield code="5">(DE-627)</subfield>
  </datafield>
  <datafield tag="689" ind1="1" ind2="0">
   <subfield code="d">s</subfield>
   <subfield code="0">(DE-588)4222126-2</subfield>
   <subfield code="0">(DE-627)104499168</subfield>
   <subfield code="0">(DE-576)210278633</subfield>
   <subfield code="a">Feminismus</subfield>
   <subfield code="2">gnd</subfield>
  </datafield>
  <datafield tag="689" ind1="1" ind2="1">
   <subfield code="d">s</subfield>
   <subfield code="0">(DE-588)4047689-3</subfield>
   <subfield code="0">(DE-627)106193880</subfield>
   <subfield code="0">(DE-576)209074361</subfield>
   <subfield code="a">Psychoanalyse</subfield>
   <subfield code="2">gnd</subfield>
  </datafield>
  <datafield tag="689" ind1="1" ind2=" ">
   <subfield code="5">(DE-627)</subfield>
  </datafield>
  <datafield tag="700" ind1="1" ind2=" ">
   <subfield code="a">Wright, Elizabeth</subfield>
   <subfield code="d">1926-2000</subfield>
   <subfield code="e">Hrsg.</subfield>
   <subfield code="0">(DE-588)1089277482</subfield>
   <subfield code="0">(DE-627)853074216</subfield>
   <subfield code="0">(DE-576)459762524</subfield>
   <subfield code="4">edt</subfield>
  </datafield>
  <datafield tag="787" ind1="0" ind2="8">
   <subfield code="i">Rezension</subfield>
   <subfield code="a">Lummerding, Susanne</subfield>
   <subfield code="t">Feminismus und Psychoanalyse und ... Kunstgeschichte</subfield>
   <subfield code="d">1993</subfield>
   <subfield code="w">(DE-627)146460956X</subfield>
   <subfield code="w">(DE-576)394609565</subfield>
  </datafield>
  <datafield tag="889" ind1=" " ind2=" ">
   <subfield code="w">(DE-627)119905523</subfield>
  </datafield>
  <datafield tag="935" ind1=" " ind2=" ">
   <subfield code="i">mdedup</subfield>
  </datafield>
  <datafield tag="935" ind1=" " ind2=" ">
   <subfield code="i">Blocktest</subfield>
  </datafield>
  <datafield tag="936" ind1="r" ind2="v">
   <subfield code="a">CU 2690</subfield>
   <subfield code="b">Sonstige</subfield>
   <subfield code="k">Psychologie</subfield>
   <subfield code="k">Klinische Psychologie</subfield>
   <subfield code="k">Tiefenpsychologie und Psychoanalyse</subfield>
   <subfield code="k">Sonstige</subfield>
   <subfield code="0">(DE-627)1270881027</subfield>
   <subfield code="0">(DE-625)rvk/19102:</subfield>
   <subfield code="0">(DE-576)200881027</subfield>
  </datafield>
  <datafield tag="936" ind1="r" ind2="v">
   <subfield code="a">CU 2000</subfield>
   <subfield code="b">Tiefenpsychologie und Psychoanalyse, Allgemeines</subfield>
   <subfield code="k">Psychologie</subfield>
   <subfield code="k">Klinische Psychologie</subfield>
   <subfield code="k">Tiefenpsychologie und Psychoanalyse</subfield>
   <subfield code="k">Tiefenpsychologie und Psychoanalyse, Allgemeines</subfield>
   <subfield code="0">(DE-627)1270857193</subfield>
   <subfield code="0">(DE-625)rvk/19081:</subfield>
   <subfield code="0">(DE-576)200857193</subfield>
  </datafield>
  <datafield tag="936" ind1="r" ind2="v">
   <subfield code="a">CC 8600</subfield>
   <subfield code="b">Feministische Philosophie; Geschlechterforschung (Gender Studies)</subfield>
   <subfield code="k">Philosophie</subfield>
   <subfield code="k">Systematische Philosophie</subfield>
   <subfield code="k">Feministische Philosophie; Geschlechterforschung (Gender Studies)</subfield>
   <subfield code="0">(DE-627)1271592959</subfield>
   <subfield code="0">(DE-625)rvk/17710:</subfield>
   <subfield code="0">(DE-576)201592959</subfield>
  </datafield>
  <datafield tag="936" ind1="b" ind2="k">
   <subfield code="a">77.14</subfield>
   <subfield code="j">Psychoanalyse</subfield>
   <subfield code="0">(DE-627)106412302</subfield>
  </datafield>
  <datafield tag="936" ind1="b" ind2="k">
   <subfield code="a">71.38</subfield>
   <subfield code="j">Soziale Bewegungen</subfield>
   <subfield code="0">(DE-627)10641612X</subfield>
  </datafield>
  <datafield tag="936" ind1="b" ind2="k">
   <subfield code="a">77.85</subfield>
   <subfield code="j">Sexualpsychologie</subfield>
   <subfield code="0">(DE-627)10641643X</subfield>
  </datafield>
  <datafield tag="951" ind1=" " ind2=" ">
   <subfield code="a">BO</subfield>
  </datafield>
  <datafield tag="990" ind1=" " ind2=" ">
   <subfield code="a">Feminismus</subfield>
  </datafield>
  <datafield tag="990" ind1=" " ind2=" ">
   <subfield code="a">Psychoanalyse</subfield>
  </datafield>
  <datafield tag="990" ind1=" " ind2=" ">
   <subfield code="a">Feminismus</subfield>
  </datafield>
  <datafield tag="990" ind1=" " ind2=" ">
   <subfield code="a">Psychoanalyse</subfield>
  </datafield>
  <datafield tag="991" ind1=" " ind2=" ">
   <subfield code="a">Rezensiertes Werk</subfield>
  </datafield>
  <datafield tag="999" ind1=" " ind2=" ">
   <subfield code="a">KXP-PPN276825314</subfield>
   <subfield code="e">4001631113</subfield>
  </datafield>
 </record>
</collection>
